[Event "South Wales International"]
[Site "Penarth Conservative Club, WLS"]
[Date "2013.07.18"]
[Round "8.3"]
[White "Rees, Ioan"]
[Black "Petrov, Marijan"]
[Result "1/2-1/2"]
[WhiteElo "2258"]
[BlackElo "2478"]
[PlyCount "61"]
[EventDate "2013.??.??"]

1. e4 g6 2. d4 Bg7 3. Nc3 c6 4. Nf3 d6 5. Be2 Nf6 6. O-O O-O 7. a4 Nbd7 8. h3
e5 9. Be3 Qe7 10. a5 exd4 11. Nxd4 Nxe4 12. Nxe4 Qxe4 13. a6 d5 14. c4 Nb6 15.
c5 Nc4 16. Bxc4 dxc4 17. Qa4 b5 18. cxb6 axb6 19. Qxc6 Qxc6 20. Nxc6 Bxa6 21.
Bxb6 Bxb2 22. Bd4 Bxd4 23. Nxd4 Rfd8 24. Nc6 Rd6 25. Nb4 Bb7 26. Rxa8+ Bxa8 27.
Rc1 Rd4 28. Nc2 Rd3 29. Nb4 Rd4 30. Nc2 Rd3 31. Nb4 1/2-1/2

[Event "South Wales International"]
[Site "Penarth Conservative Club, WLS"]
[Date "2013.07.18"]
[Round "8.4"]
[White "Horton, Justin"]
[Black "Hanley, Craig A"]
[Result "1-0"]
[WhiteElo "2090"]
[BlackElo "2433"]
[PlyCount "80"]
[EventDate "2013.??.??"]

1. d4 d5 2. Nf3 e6 3. c4 Nf6 4. Nc3 Be7 5. Bg5 h6 6. Bh4 O-O 7. e3 b6 8. Rc1
Bb7 9. Bxf6 Bxf6 10. cxd5 exd5 11. Be2 Nd7 12. Qb3 c6 13. O-O Re8 14. Rfd1 Qb8
15. Ne1 Be7 16. Bf3 Nf6 17. g3 Bd6 18. Qc2 Re6 19. Ng2 Qf8 20. Nf4 Ree8 21. Nh5
Nxh5 22. Bxh5 g6 23. Bf3 f5 24. h4 Re6 25. Qb3 Rae8 26. a4 Ba8 27. h5 g5 28.
Nxd5 cxd5 29. Bxd5 Bxd5 30. Qxd5 Qf7 31. Rc6 Rd8 32. Rdc1 Ree8 33. Qxf7+ Kxf7
34. a5 b5 35. Ra6 Rd7 36. Rcc6 Ke6 37. f3 Kd5 38. Kf2 Re6 39. Ke2 Rde7 40. Rc3
b4 1-0

[Event "South Wales International"]
[Site "Penarth Conservative Club, WLS"]
[Date "2013.07.18"]
[Round "8.5"]
[White "Greet, Andrew N"]
[Black "Steffens, Olaf"]
[Result "1-0"]
[WhiteElo "2427"]
[BlackElo "2200"]
[PlyCount "51"]
[EventDate "2013.??.??"]

1. e4 b6 2. d4 Bb7 3. Bd3 Nf6 4. Nc3 e6 5. Nge2 d5 6. e5 Ne4 7. Bxe4 dxe4 8.
Be3 Nd7 9. Ng3 Qh4 10. Qd2 Be7 11. Nb5 Bd8 12. Nxc7+ Bxc7 13. Bg5 Qg4 14. h3
Qxg3 15. fxg3 f6 16. Be3 O-O-O 17. Qc3 Kb8 18. O-O fxe5 19. Rf7 exd4 20. Bxd4
e5 21. Be3 Bd6 22. Rd1 Nc5 23. Rxd6 Rxd6 24. Qxe5 Rhd8 25. Bxc5 bxc5 26. Rf8
1-0

[Event "South Wales International"]
[Site "Penarth Conservative Club, WLS"]
[Date "2013.07.18"]
[Round "8.6"]
[White "Hughes, John"]
[Black "House, Glenn L"]
[Result "1/2-1/2"]
[WhiteElo "2046"]
[BlackElo "2211"]
[PlyCount "159"]
[EventDate "2013.??.??"]

1. e4 c5 2. c3 e6 3. d4 d5 4. Nd2 Nc6 5. Ngf3 Nf6 6. Bd3 Be7 7. O-O dxe4 8.
Nxe4 cxd4 9. cxd4 O-O 10. Nc3 Nb4 11. Bb1 b6 12. a3 Nbd5 13. Qd3 Bb7 14. Re1
Nxc3 15. bxc3 Rc8 16. Bg5 g6 17. Bh6 Re8 18. Ne5 Bf8 19. Bg5 Bg7 20. Ba2 Qd6
21. Bb3 Nd7 22. Qg3 Nxe5 23. dxe5 Qc5 24. Re3 Rc7 25. h4 h5 26. Bf6 Bd5 27. Bc2
Bc6 28. Qf4 Bxf6 29. exf6 e5 30. Qh6 Qf8 31. Qg5 e4 32. Qf4 Rcc8 33. g4 Qc5 34.
Qh6 Qf8 35. Qg5 hxg4 36. h5 Qc5 37. Qh6 Qf8 38. Qg5 Qc5 39. Qh6 Qf8 40. Qf4 g5
41. Qxg5+ Kh8 42. h6 Qg8 43. Qg7+ Qxg7 44. hxg7+ Kh7 45. Rg3 Re6 46. Rxg4 Rxf6
47. Re1 Rg6 48. Rxg6 fxg6 49. Bxe4 Bxe4 50. Rxe4 Rxc3 51. Re8 Kxg7 52. Re7+ Kf6
53. Rxa7 Ke5 54. Ra6 Rb3 55. a4 g5 56. a5 b5 57. Ra8 Kd6 58. Rg8 Ra3 59. a6 b4
60. Rxg5 Kc6 61. Rg6+ Kb5 62. f4 Rxa6 63. f5 b3 64. Rg2 Ra1+ 65. Kh2 Ra2 66. f6
b2 67. f7 b1=Q 68. f8=Q Qh7+ 69. Kg1 Ra1+ 70. Kf2 Qh4+ 71. Kf3 Rf1+ 72. Ke2
Qe1+ 73. Kd3 Rxf8 74. Rg5+ Kb4 75. Rg7 Qd1+ 76. Ke3 Qc1+ 77. Ke4 Qc4+ 78. Ke5
Qc3+ 79. Ke6 Qxg7 80. Kd6 {No further moves were recorded} 1/2-1/2

[Event "South Wales International"]
[Site "Penarth Conservative Club, WLS"]
[Date "2013.07.18"]
[Round "8.7"]
[White "Marusenko, Petr"]
[Black "Cooksey, Paul"]
[Result "0-1"]
[WhiteElo "2213"]
[BlackElo "2293"]
[PlyCount "50"]
[EventDate "2013.??.??"]

1. d4 d5 2. c4 c6 3. Nc3 Nf6 4. e3 a6 5. Nf3 Bf5 6. h3 e6 7. g4 Be4 8. Nxe4
Nxe4 9. Bd3 Bb4+ 10. Kf1 O-O 11. Kg2 Qe7 12. h4 Nd7 13. a3 Bd6 14. c5 Bc7 15.
Bxe4 dxe4 16. Nd2 e5 17. Nxe4 exd4 18. Qxd4 f5 19. gxf5 Rxf5 20. f4 Nxc5 21.
Ng3 Rd5 22. Qc4 Qe6 23. Kf3 Bxf4 24. Ne4 Bxe3 25. Kxe3 Nxe4 0-1

[Event "South Wales International"]
[Site "Penarth Conservative Club, WLS"]
[Date "2013.07.18"]
[Round "8.8"]
[White "Bryant, Richard BE"]
[Black "Braun, Walter"]
[Result "0-1"]
[WhiteElo "1934"]
[BlackElo "2236"]
[PlyCount "96"]
[EventDate "2013.??.??"]

1. e4 Nc6 2. Nc3 e6 3. d4 d5 4. Nf3 Nf6 5. e5 Ne4 6. a3 Nxc3 7. bxc3 f6 8. Bd3
Qe7 9. O-O Qf7 10. Rb1 Be7 11. Qe2 O-O 12. a4 fxe5 13. dxe5 Qh5 14. Re1 Na5 15.
Nd4 Qxe2 16. Bxe2 Bc5 17. Be3 Bxd4 18. cxd4 b6 19. Bd2 Nc6 20. c3 a6 21. Bg4
Bd7 22. Re3 Na5 23. Rg3 Kh8 24. h4 h6 25. Bc1 Nc4 26. Ra1 c5 27. Rf3 Rxf3 28.
Bxf3 cxd4 29. cxd4 Rc8 30. Kf1 Kg8 31. g4 Na5 32. Be3 Rc3 33. Be2 Nc4 34. Bxc4
dxc4 35. Ke2 Rb3 36. Kd2 a5 37. g5 hxg5 38. hxg5 g6 39. Kc1 Kf7 40. Rb1 Rb4 41.
d5 exd5 42. Bxb6 Rxa4 43. Bd8 c3 44. Rb7 Ke8 45. e6 Bxe6 46. Re7+ Kxd8 47. Rxe6
d4 48. Rxg6 Kd7 0-1

[Event "South Wales International"]
[Site "Penarth Conservative Club, WLS"]
[Date "2013.07.18"]
[Round "8.9"]
[White "Bennett, Rhys"]
[Black "Kett, Tim"]
[Result "0-1"]
[WhiteElo "1729"]
[BlackElo "2230"]
[PlyCount "42"]
[EventDate "2013.??.??"]

1. e4 e5 2. Nf3 Nc6 3. d4 exd4 4. Nxd4 Nf6 5. Nxc6 bxc6 6. e5 Qe7 7. Qe2 Nd5 8.
c4 Ba6 9. Nd2 O-O-O 10. b3 g5 11. Bb2 Bg7 12. O-O-O Rhe8 13. Qe4 Nb6 14. Qxh7
Bxe5 15. Qf5 Bxb2+ 16. Kxb2 Qb4 17. Kc2 Kb7 18. Qxg5 d5 19. Qf4 dxc4 20. bxc4
Qa4+ 21. Kc1 Qa3+ 0-1

[Event "South Wales International"]
[Site "Penarth Conservative Club, WLS"]
[Date "2013.07.18"]
[Round "8.10"]
[White "Brown, Martin"]
[Black "Brown, Thomas"]
[Result "1-0"]
[WhiteElo "2203"]
[BlackElo "2106"]
[PlyCount "29"]
[EventDate "2013.??.??"]

1. e4 c6 2. d4 d5 3. Nc3 dxe4 4. Nxe4 Bf5 5. Ng3 Bg6 6. Nh3 e6 7. Nf4 Qc7 8. c3
Nf6 9. h4 Bd6 10. Qf3 Bxf4 11. Bxf4 Qb6 12. b3 h6 13. h5 Bh7 14. Bc4 O-O 15.
Bxh6 1-0

[Event "South Wales International"]
[Site "Penarth Conservative Club, WLS"]
[Date "2013.07.18"]
[Round "8.11"]
[White "Hickman, John E"]
[Black "Strugnell, Carl"]
[Result "0-1"]
[WhiteElo "1965"]
[BlackElo "2302"]
[PlyCount "56"]
[EventDate "2013.??.??"]

1. e4 c5 2. Nf3 d6 3. g3 Nc6 4. Bg2 g6 5. O-O Bg7 6. d3 Nf6 7. c3 O-O 8. Re1 e5
9. a3 b5 10. Nbd2 Rb8 11. b3 d5 12. Bb2 Re8 13. b4 cxb4 14. cxb4 a5 15. bxa5 d4
16. Nb3 Nxa5 17. Nxa5 Qxa5 18. Qb3 Qa4 19. Qd1 Be6 20. Qd2 Nd7 21. Rec1 Bf8 22.
Ng5 Nc5 23. Nxe6 Rxe6 24. f4 Nb3 25. Qf2 Nxa1 26. Rxa1 Rc8 27. fxe5 Rc2 28.
Qxd4 Bc5 0-1

[Event "South Wales International"]
[Site "Penarth Conservative Club, WLS"]
[Date "2013.07.18"]
[Round "8.12"]
[White "Gosling, Brian GE"]
[Black "Rudd, Jack"]
[Result "0-1"]
[WhiteElo "1956"]
[BlackElo "2280"]
[PlyCount "100"]
[EventDate "2013.??.??"]

1. e4 e5 2. Bc4 Nf6 3. d3 Bc5 4. Nc3 c6 5. Nf3 d6 6. O-O Be6 7. Bxe6 fxe6 8.
Na4 Bb4 9. Bd2 Bxd2 10. Qxd2 O-O 11. Rad1 Nbd7 12. Qb4 Qc7 13. d4 Nxe4 14. dxe5
d5 15. Nc3 a5 16. Qd4 Rxf3 17. Nxe4 Nxe5 18. Ng5 Rf5 19. Qh4 h6 20. Nxe6 Qf7
21. Nd4 Rh5 22. Qg3 Rg5 23. Qc3 Qg6 24. g3 Rh5 25. f3 Nc4 26. b3 Nd6 27. Rde1
Nf5 28. Nxf5 Rxf5 29. Re7 Rf7 30. Rfe1 Raf8 31. Rxf7 Rxf7 32. Kg2 a4 33. Re8+
Kh7 34. Qd3 Qxd3 35. cxd3 axb3 36. axb3 Kg6 37. Kf2 Rd7 38. d4 Kf7 39. Re5 Rd8
40. b4 Ra8 41. b5 Ra4 42. bxc6 bxc6 43. Rf5+ Ke6 44. Rf4 g5 45. Rf8 Rxd4 46.
Rh8 Rd2+ 47. Kg1 c5 48. Rxh6+ Ke5 49. Rh5 c4 50. Rxg5+ Kd4 0-1

[Event "South Wales International"]
[Site "Penarth Conservative Club, WLS"]
[Date "2013.07.18"]
[Round "8.13"]
[White "Thorpe, Thomas"]
[Black "Pleasants, Allan J"]
[Result "1/2-1/2"]
[WhiteElo "1885"]
[BlackElo "2038"]
[PlyCount "99"]
[EventDate "2013.??.??"]

1. d4 d6 2. Nf3 Nf6 3. e3 g6 4. Bd3 Bg7 5. O-O O-O 6. Nbd2 Nbd7 7. Re1 e5 8. c3
Qe7 9. e4 Nh5 10. Nf1 Nb6 11. Ng3 Nxg3 12. hxg3 Bg4 13. Be3 Rae8 14. d5 f5 15.
Bg5 Qd7 16. a4 h6 17. Bd2 Qf7 18. Qc1 g5 19. c4 Nd7 20. Ra3 Nc5 21. Bb1 fxe4
22. Bxe4 Nxe4 23. Rxe4 Bf5 24. Re2 e4 25. Nh2 Qh5 26. Re1 Qf7 27. Re2 c6 28.
Bb4 c5 29. Bd2 Bd4 30. Be3 Qf6 31. Qd2 Rf7 32. Ra1 b6 33. Rd1 Be5 34. Rb1 Rb8
35. Ree1 a6 36. Qe2 Qg6 37. Rec1 Rfb7 38. b4 Bd7 39. Qc2 Bd4 40. Re1 Re8 41.
bxc5 dxc5 42. Nf3 Qf6 43. Bxd4 cxd4 44. Rxe4 Bxa4 45. Rxe8+ Bxe8 46. Qd2 Bg6
47. Ra1 Rc7 48. Rxa6 Rxc4 49. Ra8+ Kg7 50. Ra7+ 1/2-1/2

[Event "South Wales International"]
[Site "Penarth Conservative Club, WLS"]
[Date "2013.07.18"]
[Round "8.14"]
[White "Kostanjsek, Luke"]
[Black "Waterfield, John W"]
[Result "1-0"]
[WhiteElo "1929"]
[BlackElo "1980"]
[PlyCount "71"]
[EventDate "2013.??.??"]

1. d4 Nf6 2. c4 c5 3. d5 b5 4. cxb5 a6 5. Nc3 axb5 6. e4 b4 7. Nb5 d6 8. Bf4 g5
9. Bxg5 Nxe4 10. Bf4 Qb6 11. Qe2 Bd7 12. Qxe4 Bxb5 13. Bxb5+ Qxb5 14. Bxd6 Nd7
15. Bxe7 Bxe7 16. d6 O-O 17. dxe7 Rfe8 18. Ne2 Nf6 19. Qf3 Ra6 20. O-O Rxe7 21.
Ng3 c4 22. Nf5 Re5 23. Qg3+ Kf8 24. Qg7+ Ke8 25. Qh8+ Kd7 26. Rfd1+ Rd5 27. Qf8
Kc7 28. Ne3 Rd7 29. Rxd7+ Nxd7 30. Qxf7 Rc6 31. Rd1 Rc5 32. Qe7 Rh5 33. Qd6+
Kc8 34. Nxc4 Qxc4 35. Qxd7+ Kb8 36. Qe8+ 1-0

[Event "South Wales International"]
[Site "Penarth Conservative Club, WLS"]
[Date "2013.07.18"]
[Round "8.15"]
[White "Stensholt, Sigvat"]
[Black "Guy, David"]
[Result "0-1"]
[WhiteElo "1945"]
[BlackElo "1965"]
[PlyCount "74"]
[EventDate "2013.??.??"]

1. d4 Nf6 2. c4 g6 3. Nc3 d5 4. Qb3 dxc4 5. Qxc4 Bg7 6. Bf4 c6 7. Nf3 O-O 8. e4
Nbd7 9. Be2 Nb6 10. Qb3 Bg4 11. Rd1 Be6 12. Qc2 Bc4 13. O-O a6 14. Bxc4 Nxc4
15. d5 Qa5 16. Nd4 cxd5 17. Nb3 Qb6 18. e5 Nh5 19. Nxd5 Qb5 20. Nc7 Qc6 21. Nd5
Qb5 22. Nxe7+ Kh8 23. Rd5 Qb4 24. Rc5 Nxf4 25. a3 Nxa3 26. bxa3 Qb6 27. Nc8 Qe6
28. Nd4 Qg4 29. f3 Nh3+ 30. Kh1 Qxd4 31. gxh3 Bxe5 32. Rc4 Qd7 33. Qe4 Bg7 34.
Nb6 Qxh3 35. Rd1 Rae8 36. Qc2 Qxf3+ 37. Kg1 Re2 0-1

[Event "South Wales International"]
[Site "Penarth Conservative Club, WLS"]
[Date "2013.07.18"]
[Round "8.16"]
[White "Menadue, Jeremy"]
[Black "Robinson, David"]
[Result "1-0"]
[WhiteElo "2145"]
[BlackElo "1926"]
[PlyCount "81"]
[EventDate "2013.??.??"]

1. d4 d5 2. c4 e6 3. cxd5 exd5 4. Nc3 c5 5. e4 dxe4 6. d5 Nf6 7. Bg5 h6 8. Bxf6
Qxf6 9. Qa4+ Bd7 10. Qxe4+ Qe7 11. O-O-O Qxe4 12. Nxe4 Bf5 13. Ng3 Bh7 14. Bd3
Bxd3 15. Rxd3 Bd6 16. Nh3 Na6 17. Nf5 O-O-O 18. a3 Rhe8 19. Nxg7 Rg8 20. Nf5
Rxg2 21. Nxh6 Bxh2 22. Nxf7 Rd7 23. Nh6 c4 24. Rd4 b5 25. Nf5 Be5 26. Re4 Bf6
27. Ne3 Bg5 28. f4 Re2 29. fxg5 Nc5 30. Re8+ Kb7 31. Nf4 Rf2 32. g6 Rxf4 33.
Rh7 Nb3+ 34. Kc2 Nd4+ 35. Kd1 Kc7 36. Rxd7+ Kxd7 37. g7 Rh4 38. g8=Q Rh1+ 39.
Kd2 Nb3+ 40. Ke2 Rh2+ 41. Kf3 1-0

[Event "South Wales International"]
[Site "Penarth Conservative Club, WLS"]
[Date "2013.07.18"]
[Round "8.17"]
[White "Jones, Steven"]
[Black "Ralphs, Nigel"]
[Result "1/2-1/2"]
[WhiteElo "2033"]
[BlackElo "1913"]
[PlyCount "66"]
[EventDate "2013.??.??"]

1. e4 e6 2. d4 d5 3. Nc3 Bb4 4. e5 c5 5. a3 Bxc3+ 6. bxc3 Ne7 7. Qg4 Qc7 8. Bd3
cxd4 9. Ne2 dxc3 10. Qxg7 Rg8 11. Qxh7 Qxe5 12. Bh6 Nbc6 13. f4 Qd6 14. O-O Bd7
15. Bg7 O-O-O 16. Kh1 d4 17. Ng3 f5 18. Qh6 Nd5 19. Nxf5 Qc5 20. Ng3 Qe7 21.
Nh5 Rde8 22. Rfe1 Ne3 23. h3 e5 24. Rxe3 dxe3 25. f5 e4 26. Bc4 Bxf5 27. Bxg8
Rxg8 28. Bxc3 Qc5 29. Be1 Qxc2 30. Ng3 Qb2 31. Rd1 Qc2 32. Ra1 Qb2 33. Rd1 Bg4
1/2-1/2

[Event "South Wales International"]
[Site "Penarth Conservative Club, WLS"]
[Date "2013.07.18"]
[Round "8.19"]
[White "Bridges, Paul"]
[Black "Rodriguez, Juan"]
[Result "1/2-1/2"]
[WhiteElo "1851"]
[BlackElo "1967"]
[PlyCount "53"]
[EventDate "2013.??.??"]

1. e4 e5 2. Nc3 Nf6 3. g3 Nc6 4. Bg2 Bc5 5. Nf3 d6 6. O-O a6 7. d3 O-O 8. h3 h6
9. Kh2 Be6 10. Ng1 d5 11. f4 dxe4 12. Nxe4 Nxe4 13. Bxe4 Bd5 14. Qg4 Kh8 15.
Nf3 f5 16. Bxf5 Bxf3 17. Rxf3 Nd4 18. Be4 Nxf3+ 19. Qxf3 Qd4 20. Qg2 c6 21. c3
Qd7 22. Bd2 Rf6 23. Rf1 Raf8 24. f5 Rd8 25. g4 Rg8 26. g5 Rf7 27. g6 1/2-1/2

[Event "South Wales International"]
[Site "Penarth Conservative Club, WLS"]
[Date "2013.07.18"]
[Round "8.21"]
[White "Freeland, Alex"]
[Black "Bullen, Alex"]
[Result "0-1"]
[WhiteElo "1844"]
[BlackElo "1954"]
[PlyCount "56"]
[EventDate "2013.??.??"]

1. f4 d5 2. Nf3 Nf6 3. g3 c6 4. Bg2 Bf5 5. d3 e6 6. Nbd2 h6 7. e3 Nbd7 8. Qe2
Be7 9. h3 Bh7 10. Nf1 Nc5 11. Bd2 Qb6 12. b4 Na4 13. N1h2 Bxb4 14. O-O Bxd2 15.
Qxd2 Qc7 16. Rab1 Nb6 17. Ne5 Nfd7 18. Nxd7 Nxd7 19. Qc3 O-O 20. g4 Rab8 21. g5
hxg5 22. fxg5 Qe5 23. Qxe5 Nxe5 24. Nf3 Nxd3 25. cxd3 Bxd3 26. Ne5 Bxb1 27.
Rxb1 Rfd8 28. Kh2 f6 0-1

[Event "South Wales International"]
[Site "Penarth Conservative Club, WLS"]
[Date "2013.07.18"]
[Round "8.22"]
[White "Adebajo, Olufemi"]
[Black "Fox, Chris"]
[Result "1-0"]
[WhiteElo "1934"]
[BlackElo "1770"]
[PlyCount "55"]
[EventDate "2013.??.??"]

1. e4 e6 2. d4 d5 3. e5 c5 4. c3 Nc6 5. Nf3 Bd7 6. Bd3 Qb6 7. dxc5 Bxc5 8. O-O
a5 9. Qe2 Nge7 10. Nbd2 Ng6 11. g3 a4 12. h4 Qc7 13. Re1 Nge7 14. Rb1 g6 15.
Kg2 Nd8 16. b4 axb3 17. Nxb3 Bb6 18. Bg5 Bc6 19. Bf6 Rg8 20. Nbd4 Bxd4 21. cxd4
Qa5 22. Rb2 h5 23. Reb1 Qa4 24. Qd2 Nf5 25. Bxf5 exf5 26. Qh6 Qa3 27. e6 Nxe6
28. Rxb7 1-0

[Event "South Wales International"]
[Site "Penarth Conservative Club, WLS"]
[Date "2013.07.18"]
[Round "8.24"]
[White "Staniforth, Matthew"]
[Black "Jones, Jeremy"]
[Result "1-0"]
[WhiteElo "1897"]
[BlackElo "1621"]
[PlyCount "73"]
[EventDate "2013.??.??"]

1. e4 e6 2. d4 d5 3. exd5 exd5 4. c4 c6 5. Nc3 Nf6 6. Nf3 h6 7. Bd3 Bd6 8. O-O
O-O 9. Be3 Be6 10. Ne5 dxc4 11. Nxc4 Bc7 12. Ne5 Nbd7 13. Bf4 Nd5 14. Bg3 Nxc3
15. bxc3 Nxe5 16. dxe5 Qe7 17. Qe2 Qc5 18. Qe4 g6 19. Qb4 Bb6 20. Rad1 Qxb4 21.
cxb4 Bxa2 22. Kh1 Rad8 23. f4 f5 24. Bh4 Rd4 25. Bc2 Rxd1 26. Rxd1 Be6 27. Rd6
Kf7 28. h3 Be3 29. g3 Rc8 30. Rxe6 g5 31. Rf6+ Kg7 32. Bxf5 Rd8 33. Rg6+ Kf8
34. fxg5 Rd1+ 35. Kg2 hxg5 36. Bxg5 Bxg5 37. Rxg5 1-0

[Event "South Wales International"]
[Site "Penarth Conservative Club, WLS"]
[Date "2013.07.18"]
[Round "8.25"]
[White "Thomas, James"]
[Black "Du Toit, Stephanie"]
[Result "1/2-1/2"]
[WhiteElo "1887"]
[BlackElo "1603"]
[PlyCount "40"]
[EventDate "2013.??.??"]

1. g3 e5 2. c4 Nc6 3. Bg2 g6 4. Nc3 Bg7 5. Rb1 f5 6. d3 Nf6 7. e3 O-O 8. Nge2
d6 9. O-O Be6 10. b4 a6 11. Nd5 Qd7 12. a4 Rab8 13. Qc2 Bf7 14. Rd1 Nxd5 15.
cxd5 Ne7 16. e4 fxe4 17. dxe4 c6 18. Bb2 cxd5 19. exd5 Nf5 20. Qb3 Rbc8 1/2-1/2

[Event "South Wales International"]
[Site "Penarth Conservative Club, WLS"]
[Date "2013.07.18"]
[Round "8.26"]
[White "Thomas, Ben"]
[Black "Williams, Ron"]
[Result "1/2-1/2"]
[WhiteElo "1716"]
[BlackElo "1807"]
[PlyCount "36"]
[EventDate "2013.??.??"]

1. e4 e6 2. d4 d5 3. Nc3 dxe4 4. Nxe4 Be7 5. Nf3 Nf6 6. Bd3 Nxe4 7. Bxe4 Nd7 8.
O-O c5 9. Qe2 O-O 10. Rd1 Qc7 11. c3 Rd8 12. Be3 Nf6 13. Bc2 b6 14. dxc5 bxc5
15. Rxd8+ Bxd8 16. Qc4 Be7 17. b4 Bb7 18. Ne1 Bd5 1/2-1/2